Language Quiz

Random Language or World Quiz

Ends in 'i' From Around the World Quiz Stats

Quiz not verified by Sporcle

Challenge
Share
Tweet
Embed
Score 0/26 Timer 04:00
0 Plays Today
Clue Word % Correct
India's second largest cityDelhi
98.1%
German car manufacturerAudi
94.2%
Himalayan monsterYeti
94.2%
New Zealand nativeKiwi
93.3%
Kenya capital cityNairobi
92.3%
Iranian's neighborIraqi
89.5%
New Zealand native PolynesianMaori
89.4%
Swiss work of fiction (girls' name)Heidi
87.5%
Israeli religious leaderRabbi
87.5%
Italian car manufacturerFerrari
83.7%
Italian brothers hot tubJacuzzi
83.7%
Libyan capital cityTripoli
83.7%
Italian plumber or 'Cars' characterLuigi
82.7%
Clue Word % Correct
Greek letter of the alphabetXi
81.7%
Hawaiian resort (Oahu Island)Waikiki
77.8%
Italian babies (or young children)Bambini
76%
Italian dumplingsGnocchi
75%
Italian composer (1678–1741)Vivaldi
73.1%
Italian red wineChianti
70.2%
Italian highly seasoned sausageSalami
70.2%
Japanese kimono sashObi
68.3%
US term for courgetteZucchini
65.4%
Jamaican tangelo (citrus fruit)Ugli
50%
Turkish beef (Romanian pork/mutton)Pastrami
34.6%
Turkish title of respectEffendi
21.2%
Asian (Islamic) judgeQadi
18.3%

You're not logged in!

Compare scores with friends on all Sporcle quizzes.
Join for Free
OR
Log In

You Might Also Like...

Show Comments

Extras

Top Quizzes Today


Score Distribution

Your Account Isn't Verified!

In order to create a playlist on Sporcle, you need to verify the email address you used during registration. Go to your Sporcle Settings to finish the process.

Report this User

Report this user for behavior that violates our Community Guidelines.

Details: